Actualización de planos de control y fuerza de la subestación la maravilla
محفوظ في:
| المؤلف الرئيسي: | |
|---|---|
| مؤلفون آخرون: | , |
| التنسيق: | كتاب |
| منشور في: |
[San José , Costa Rica]
1977
|
| الوسوم: |
إضافة وسم
لا توجد وسوم, كن أول من يضع وسما على هذه التسجيلة!
|
MARC
| LEADER | 00000nam a2200000Ia 4500 | ||
|---|---|---|---|
| 003 | PIE137 | ||
| 005 | 20231116100942.0 | ||
| 008 | 140116s1977 c a m 000 ||s d | ||
| 040 | |c cru CEDI | ||
| 090 | |a PIE 137 | ||
| 100 | |a Zúniga Chavarria, Delfin G |9 16069 | ||
| 245 | |a Actualización de planos de control y fuerza de la subestación la maravilla | ||
| 260 | |a [San José , Costa Rica] |c 1977 | ||
| 300 | |a 29 hojas ;ilustraciones, 7 planos plegables | ||
| 500 | |a A la Cabeza de la portada. Universidad de Costa Rica. Facultad de Ingeniería. Escuela de Ingeniería Eléctrica. | ||
| 501 | |a Profesor Guía: Ing. José Joaquín Chacón Leandro | ||
| 700 | |9 16070 |a Vásquez Esquivel, Edwin | ||
| 700 | |a Chacón Leandro, José Joaquín, 1948- |d Director de Proyecto Eléctrico |9 1750 | ||
| 942 | |c PIE |h PIE-137 |i PIE137 |6 PIE_137_PIE137 | ||
| 999 | |c 13486 |d 13486 | ||
